|
|
|
|
| LEADER |
00000nam0a2200000 4500 |
| 001 |
680097 |
| 005 |
20250915130915.0 |
| 010 |
|
|
|a 978-5-94178-193-5
|
| 090 |
|
|
|a 680097
|
| 100 |
|
|
|a 20250507d2024 m||y0rusy50 ca
|
| 101 |
0 |
|
|a rus
|
| 102 |
|
|
|a RU
|
| 105 |
|
|
|a a j 001yy
|
| 181 |
|
0 |
|a i
|b e
|
| 182 |
|
0 |
|a n
|
| 183 |
|
0 |
|a nc
|2 RDAcarrier
|
| 200 |
1 |
|
|a Основы проектирования технологических процессов машиностроительных производств
|e учебное пособие для вузов
|f А. В. Михайлов, Д. А. Расторгуев, А. Г. Схиртладзе
|
| 203 |
|
|
|a Текст
|b визуальный
|c непосредственный
|
| 210 |
|
|
|a Старый Оскол
|c ТНТ
|d 2024
|
| 215 |
|
|
|a 335 с.
|c ил.
|
| 283 |
|
|
|a volume
|2 RDAcarrier
|
| 320 |
|
|
|a Список литературы: с. 332-335
|
| 330 |
|
|
|a Рассмотрены вопросы проектирования рациональных технологических процессов механосборочного производства. Описаны и проиллюстрированы основные современные методы формообразования поверхностей деталей машин: механические, электрофизические и электрохимические. Приведены примеры технологических процессов изготовления типовых деталей, даны сведения о технологических возможностях методов выполнения соединения в машинах. Пособие предназначено для студентов высших учебных заведений, обучающихся по направлению "Конструкторско-технологическое обеспечение машиностроительных производств".
|
| 606 |
|
|
|a Машиностроение
|x Производственные процессы
|x Проектирование
|9 86816
|
| 610 |
1 |
|
|a машины
|
| 610 |
1 |
|
|a технологичность
|
| 610 |
1 |
|
|a технологические процессы
|
| 610 |
1 |
|
|a проектирование
|
| 610 |
1 |
|
|a детали машин
|
| 610 |
1 |
|
|a изготовление
|
| 610 |
1 |
|
|a поверхности
|
| 610 |
1 |
|
|a обработка
|
| 610 |
1 |
|
|a станки с ЧПУ
|
| 610 |
1 |
|
|a станки с числовым программным управлением
|
| 610 |
1 |
|
|a применение
|
| 610 |
1 |
|
|a сборочные технологические процессы
|
| 610 |
1 |
|
|a учебные пособия
|
| 675 |
|
|
|a 621.002:658.512(075.8)
|v 4
|
| 700 |
|
1 |
|a Михайлов
|b А. В.
|g Анатолий Васильевич
|
| 701 |
|
1 |
|a Расторгуев
|b Д. А.
|g Дмитрий Александрович
|
| 701 |
|
1 |
|a Схиртладзе
|b А. Г.
|g Александр Георгиевич
|
| 801 |
|
0 |
|a RU
|b 63413507
|c 20250513
|
| 850 |
|
|
|a 63413507
|
| 942 |
|
|
|c BK
|